| 000 | 00650nam a2200229 i 4500 | ||
|---|---|---|---|
| 001 | 14315 | ||
| 003 | ES-MaACL | ||
| 005 | 20240510184606.0 | ||
| 007 | t| | ||
| 008 | 981209s1998 sp ||||1| spa d | ||
| 020 | _a84-88015-42-9 | ||
| 080 | _a821.134.2-14"19" | ||
| 100 | 1 |
_aRíos Ruiz, Manuel. _997393 |
|
| 245 | 1 | 3 |
_aLa memoria alucinada _b: (antología poética) / _cManuel Ríos Ruiz. |
| 250 | _a1ª ed. | ||
| 260 |
_aMadrid : _bCalambur, _c1998. |
||
| 300 |
_a251 p. ; _c23 cm. |
||
| 490 | 1 |
_aCalambur poesía ; _v12 |
|
| 830 | 0 |
_aCalambur poesía _v12 _9182221 |
|
| 852 |
_aES-MaACL _jL-21533 _bR.126808 |
||
| 999 |
_c14315 _d14315 |
||